000 00719nam a2200253 a 4500
008
020 _a0582286409 (pbk.)
049 _aMAIN
090 _aTA405
_bBEN
100 1 _aBenham, P.P.
245 1 0 _aMechanics of engineering materials /
_cP.P. Benham and R.J. Crawford.
260 _aLondon :
_bLongman Scientific & Technical,
_c1987.
300 _axix, 626 p. :
_bill. ;
_c25 cm.
500 _aIncludes index.
650 0 _aMaterials.
650 0 _aMechanics, Applied.
700 1 _aCrawford, R.J.
700 1 _aBenham, P.P.
907 _a.b10065702
_b17-09-12
_c17-04-03
003
005 20230123133509.0
040 _cNUST
942 _cBOOKS
_kTA405
_mBEN
999 _c149626
_d149626